| Tag |
First Indicator |
Second Indicator |
Subfields |
| LEADER |
00000cam a2200000 a 4500 |
| 001 |
in00002828014 |
| 005 |
20211120170908.0 |
| 006 |
m o d f |
| 007 |
cr bn||||||||| |
| 008 |
130215s1978 mdua ob f000 0 eng c |
| 027 |
|
|
|a CAS no. 2243-62-1
|
| 035 |
|
|
|a (OCoLC)ocn827786905
|
| 040 |
|
|
|a GPO
|c GPO
|d GPO
|d MvI
|d UtOrBLW
|
| 042 |
|
|
|a pcc
|
| 043 |
|
|
|a n-us---
|
| 049 |
|
|
|a WWW
|
| 074 |
|
|
|a 0507-G-12 (online)
|
| 086 |
0 |
|
|a HE 20.3159/2:143
|
| 088 |
|
|
|a NCI-CG-TR-143
|
| 245 |
0 |
0 |
|a Bioassay of 1,5-naphthalenediamine for possible carcinogenicity /
|c Carcinogenesis Testing Program, Division of Cancer Cause and Prevention, National Cancer Institute, National Institutes of Health.
|
| 264 |
|
1 |
|a Bethesda, Md. :
|b U.S. Dept. of Health, Education, and Welfare, Public Health Service, National Institutes of Health,
|c 1978.
|
| 300 |
|
|
|a 1 online resource (119 unnumbered pages) :
|b illustrations
|
| 336 |
|
|
|a text
|b txt
|2 rdacontent
|
| 337 |
|
|
|a computer
|b c
|2 rdamedia
|
| 338 |
|
|
|a online resource
|b cr
|2 rdacarrier
|
| 490 |
1 |
|
|a Carcinogenesis technical report series ;
|v no. 143
|
| 490 |
1 |
|
|a DHEW publication ;
|v no. (NIH) 78-1398
|
| 500 |
|
|
|a Title from title screen (viewed on Feb. 15, 2013).
|
| 500 |
|
|
|a "CAS number 2243-62-1."
|
| 500 |
|
|
|a "NCI-CG-TR-143."
|
| 504 |
|
|
|a Includes bibliographical references (pages [56-57]).
|
| 500 |
|
|
|a Electronic resource.
|
| 650 |
|
0 |
|a Carcinogens.
|
| 650 |
|
0 |
|a Naphthalene
|x Toxicology.
|
| 650 |
|
0 |
|a Amino compounds
|x Toxicology.
|
| 710 |
2 |
|
|a National Cancer Institute (U.S.).
|b Division of Cancer Cause and Prevention.
|
| 710 |
2 |
|
|a National Institutes of Health (U.S.)
|
| 710 |
2 |
|
|a Carcinogenesis Testing Program (U.S.)
|
| 776 |
0 |
8 |
|i Print version:
|a National Cancer Institute (U.S.). Division of Cancer Cause and Prevention.
|t Bioassay of 1,5-naphthalenediamine for possible carcinogenicity
|w (OCoLC)4222643
|
| 830 |
|
0 |
|a National Cancer Institute carcinogenesis technical report series ;
|v no. 143.
|
| 830 |
|
0 |
|a DHEW publication ;
|v no. (NIH) 78-1398.
|
| 856 |
4 |
0 |
|u https://purl.fdlp.gov/GPO/gpo33548
|t 0
|
| 999 |
|
|
|a MARS
|
| 999 |
f |
f |
|s a144e043-d4b7-33b7-8531-9445e9bec06a
|i 2b188247-bab4-3515-ae3c-8500a72c89a2
|t 0
|
| 952 |
f |
f |
|a Texas A&M University
|b College Station
|c Electronic Resources
|d Available Online
|t 0
|e HE 20.3159/2:143
|h Superintendent of Documents classification
|
| 998 |
f |
f |
|a HE 20.3159/2:143
|t 0
|l Available Online
|